[Event "Principal 03/04"]
[Site "?"]
[Date "2003.11.22"]
[Round "3"]
[White "Ferrero, Patrick"]
[Black "Pierrugues, Laurent"]
[Result "1-0"]
[WhiteElo "2014"]
[BlackElo "1890"]
[PlyCount "79"]

1. d4 Nf6 2. c4 g6 3.
Nc3 Bg7 4. e4 d6 5. f4 O-O 6. Nf3 c5 7. dxc5 {
les Blancs veulent sortir des grandes lignes 7.d5 +/= est le plus ambitieux}
7... dxc5 $2 (7... Qa5 $1 {est la bonne reponse noire} 8. Bd3 (8. cxd6 $2 8...
Nxe4 9. dxe7 $2 9... Re8 10. Bd2 Nxc3 11. Bxc3 Bxc3+ 12. bxc3 Rxe7+ 13. Kf2
13... Nc6 $17 {les Blancs ont un P de plus mais sont surement deja perdants})
8... Qxc5 9. Qe2 Bg4 10. Be3 Qa5 11. O-O 11... Nc6 $14) 8. Bd3 {
8.Qxd8! Rxd8 9.e5 +/= et les Noirs ont une position completement passive}
8... Nc6 9. O-O Bg4 10. Be3 $6 {10.e5 Nd7 11.Be4 +/=} 10... Nd4 (10... Bxf3
11. gxf3 Nh5 12. Qd2 $15 (12. Bxc5 $2 12... Bxc3 13. bxc3 13... Nxf4 $19 14.
Bc2 Qa5 15. Bf2 Rad8 16. Qe1 16... Rd2 $1 17. Bg3 (17. Qxd2 $4 17... Qg5+ 18.
Bg3 18... Nh3+ $19 {gagne la Q}) (17. Bb1 $2 17... Re2 18. Qc1 Qg5+ 19. Bg3
Rg2+ 20. Kh1 Rxg3 21. a3 (21. hxg3 $2 21... Qh6+ 22. Kg1 22... Ne2+ $19) 21...
Rg2 22. Qxf4 Qxf4 23. Kxg2 $19) 17... Nh3+ 18. Kh1 18... Rxc2 $19)) 11. Bxd4
cxd4 12. Ne2 Qb6 13. Qb3 {13.e5 Nd7 =} 13... Qxb3 $15 14. axb3 Bxf3 15. gxf3
Nh5 16. Ra5 e6 17. Rfa1 a6 18. b4 Rab8 (18... Bh6 19. b5 (19. Nxd4 $2 {
echoue a cause de} 19... Rad8 $19 (19... Nxf4 $6 {est clairement inferieur} 20.
Bf1 $17) (19... Bxf4 $6 {est aussi moins attractif} 20. Nb3 $15)) 19... Nxf4
20. Nxf4 Bxf4 21. R5a4 21... Rab8 $15) 19. b5 $11 19... axb5 (19... Bh6 20. f5
(20. Nxd4 $2 {echoue sur} 20... Rbd8 $19 (20... Nxf4 $6 21. Bf1 $15)) 20...
exf5 21. exf5 Bd2 22. bxa6 bxa6 (22... Bxa5 $6 23. a7 Bd2 24. axb8=Q 24... Rxb8
$11) 23. b4 Rxb4 24. Rxa6 $15) 20. Rxb5 $11 {pas 20.cxb5 Bh6 21.f5 Kg7 -/+}
20... Rfc8 21. Ra7 Rc7 22. b4 {les Blancs planifient c5} 22... Bh6 23. c5 {
23.f5!? = doit etre considere} 23... Bxf4 $17 24. Kg2 e5 25. Rb6 25... f5 $4
{relache la pression 25...Bd2 26.Bc4 Kg7 -/+} 26. Bb5 $2 {
26.exf5!? est meilleur gxf5 27.Bxf5 Be3 28.Be4 +/-} 26... fxe4 $11 27. fxe4
Be3 28. c6 $6 {28.Ba6 Rf8 29.Rbxb7 Rxb7 30.Rxb7 Rf2+ 31.Kh1 Nf6 =} 28... d3 (
28... Rxc6 $5 29. Bxc6 d3 30. Bd5+ Kh8 31. Ra3 d2 32. Rd3 Rf8 33. Rxd2 (33. Rd6
$4 33... Rf2+ 34. Kh1 Rxe2 35. Bc4 Bd4 36. R3xd4 Re1+ 37. Kg2 exd4 38. Bb3 Re2+
39. Kf1 Rxe4 40. Kf2 Nf4 41. Bd1 (41. Kf3 Re3+ 42. Kxf4 Rxb3 43. Rxd4 43...
Rxb4 $1 $19) 41... Nd3+ 42. Kf3 42... Re1 $19) 33... Bxb6 $17) 29. Raxb7 $11
29... Bxb6 $4 {29...Rd8 sauvait la partie 30.Bc4+ Kh8 31.Ra6 dxe2 32.Bxe2
Rdc8 33.Bxh5 gxh5 34.Rxc7 Rxc7 35.b5 =} 30. Rxb8+ $18 30... Kg7 31. Rxb6 dxe2
32. Bxe2 Nf4+ 33. Kf3 33... Ne6 {33...Kf6 34.b5 Ke7 35.Ra6 +-} 34. Rb7 Kf6
35. Rxc7 {35.b5 Rc8 +-} 35... Nxc7 36. b5 36... Ke7 {36...Na8 37.Kg4 Nb6 +-
} 37. b6 Kd8 38. b7 Na6 39. Bxa6 Kc7 40. Ke3 1-0

[Event "Principal 03/04"]
[Site "?"]
[Date "2003.11.28"]
[Round "3"]
[White "Girard, Jean-Pierre"]
[Black "Crapon, Laurent"]
[Result "1-0"]
[WhiteElo "1998"]
[BlackElo "1780"]
[PlyCount "87"]

1. e4 e5 2. Nf3 Nc6 3. Bb5 a6 4. Ba4 Nf6
5. O-O b5 6. Bb3 6... Bb4 $6 {ce B n'attaque rien et les Blancs vont gagner
des temps de developpement en l'attaquant. Les suites recommandees sont 6...
Bb7 ou 6...Bc5} (6... Bb7 7. d4 Nxd4 8. Nxd4 exd4 9. c3 Nxe4 10. Re1 Be7 11.
Qg4 O-O 12. Rxe4 Bxe4 13. Qxe4 Bf6 14. Bd2 Re8 15. Qf3 c6 16. cxd4 d5 17. Nc3
Bxd4 18. Rc1 Qf6 19. Qxf6 Bxf6 20. Kf1 $17 {
Byrne,R-Smejkal,J/Leningrad izt 1973/IZT/1/2-1/2 (41)}) (6... Bc5 7. c3 d6 8.
d4 Bb6 9. Bg5 h6 10. Bd5 {
Fogarasi,T-Barbero,G/Budapest 1998/EXT 99/1/2-1/2 (81)}) 7. c3 Ba5 8. a4 8...
O-O {mais pas 8...Nxe4? 9.axb5 axb5 10.Bc2 (/\ b4) +-} 9. axb5 axb5 10. Bc2 (
10. d4 d6 (10... Nxe4 $2 {n'est pas bon a cause de} 11. Bd5 $18 (11. Nxe5 $6
11... Nxe5 12. dxe5 12... Bb7 $11)) 11. Bg5 h6 12. Bd5 Bb7 13. Bxf6 Qxf6 14.
Qd3 Bb6 15. Rxa8 Rxa8 16. Qxb5 $16) 10... Bb7 11. d3 {les Blancs sont trop
timides. 11.d4 est le coup reclame par la position Re8 12.d5 Nb8 13.Qe2 c6 14.
Bg5 +/=} 11... h6 {Controle g5 11...Qe7 12.b4 Bb6 13.Na3 =} 12. Nbd2 {
12.b4 Bb6 13.Rxa8 Qxa8 =} 12... Qe7 $11 13. Re1 Bb6 14. Rxa8 Rxa8 15. Nb3 Na5
16. d4 Nxb3 17. Bxb3 exd4 18. e5 18... Nh7 {
18...Bxf3!? 19.Qxf3 Ra1 20.Kf1 Nh7 =/+} 19. Nxd4 $14 19... Qh4 20. Qe2 Ng5
21. Bxg5 {21.Be3 b4 22.Bc2 g6 +/=} 21... Qxg5 $11 22. g3 Bxd4 23. cxd4 Qf5
24. Bc2 {24.Qxb5!? Bf3 25.Bc4 +/-} 24... Qf3 $11 25. Qxf3 Bxf3 26. Bb3 Kf8
27. Rc1 Ke7 28. Kf1 28... Ra7 {28...f6 29.Ke1 fxe5 30.dxe5 c6 =/+} 29. Ke1
$11 29... f6 30. Kd2 fxe5 31. dxe5 d6 32. Ke3 Bg4 33. exd6+ Kxd6 34. f3 Bc8 35.
Rd1+ Kc5 36. Rd8 36... Kb4 {Les Noirs activent leur K} 37. Bc2 {
plus faible est 37.Rxc8 Kxb3 38.Kd4 b4 -+ (38...Kxb2? 39.Kc5 =) } 37... Be6
38. Re8 38... Bb3 $4 {38...Bc4 39.Re7 (39.Re4?  Ra2 -/+) g5 = suivi de ...Ra2
ou ...Ra1 avec une defense active des Noirs} 39. Re4+ $16 39... Bc4 40. b3 Kc3
41. bxc4 Kxc2 42. cxb5 42... Ra5 {
ou 42...Rb7 43.Re7 g5 44.Re5 Kc3 45.f4 +- les Noirs sont quand meme perdus}
43. Rc4+ Kb3 44. Rxc7 {
les Noirs ont perdu cette finale parce qu'il n'ont jamais active leur R} (44.
Rxc7 Rxb5 45. Rxg7 $18) 1-0

[Event "Principal 03/04"]
[Site "?"]
[Date "2003.11.22"]
[Round "3"]
[White "Nguyen, Patrick"]
[Black "Zejneli, Skender"]
[Result "1/2-1/2"]
[WhiteElo "1860"]
[BlackElo "2100"]
[PlyCount "151"]

1. e4 c5 2. Nf3 Nc6 3. Bb5 e6 4.
O-O 4... Be7 $146 (4... Nge7 5. c3 a6 6. Be2 d5 7. exd5 Nxd5 8. d4 cxd4 9. Nxd4
Bd7 10. Bf3 Nxd4 11. Qxd4 Bc6 12. Nd2 Qc7 13. Nc4 b5 14. Qe5 O-O-O 15. Qxc7+
Kxc7 16. Ne5 Be8 17. c4 bxc4 18. Nxc4 Bb5 19. b3 19... Bb4 {
Timman,J-Shaked,T/Wijk aan Zee 1998/EXT 99/1-0 (39)}) 5. c3 Nf6 6. Re1 O-O 7.
d4 a6 8. Ba4 b5 9. Bc2 d6 10. Bf4 Nh5 11. Be3 11... g6 {11...Nf6 12.Nbd2 =}
12. Nbd2 $14 12... cxd4 13. cxd4 13... e5 {13...Bb7 14.Rc1 +/=} 14. Rc1 {
14.d5 Na7 +/-} 14... Bb7 {Fritz prefere 14...Nxd4 15.Nxd4 exd4 16.Bxd4 +/=
mais avec un Pd isole, les Noirs subiraient le reste de la partie} 15. d5 Nb8
16. Bb1 Nd7 17. Nf1 Ndf6 18. Bd2 Bc8 19. h3 Bd7 20. b4 Ne8 21. a3 Kg7 22. Be3
h6 23. Qd2 Rh8 24. Bd3 g5 25. Ng3 (25. Qe2 Nf4 26. Bxf4 gxf4 27. N1d2 Rg8 28.
Nb3 Nf6 29. Na5 Kh7 30. Nc6 Qf8 31. Kh2 Qg7 32. Rg1 Bd8 33. a4 $16) 25... Nxg3
$14 26. fxg3 g4 27. hxg4 Bxg4 28. Nh2 {
28.Kf2 h5 29.Rf1 Rc8 30.Ke1 +/= met le K blanc a l'abri} 28... Bh5 29. Rf1
Bg6 30. Rc6 {un avant-poste ideal pour la tour blanche} 30... Nf6 31. Qf2 {#}
31... Qe8 $2 (31... Qd7 32. Bc5 dxc5 33. Rxf6 Bxf6 34. Qxf6+ Kh7 35. bxc5 $11
35... Qa7 (35... Rac8 36. Nf3 Rxc5 37. Nxe5 Qa7 38. Kh2 Re8 39. Nxg6 fxg6 40.
e5 Qg7 (40... Rg8 $2 41. Qe6 $18) 41. Qxa6 $16) 36. Qf2 Rac8 37. c6 Qe7 38. Ng4
Qg5 39. Nf6+ Kg7 40. a4 $14) 32. Qf3 $4 {fait perdre l'avantage} (32. Rxd6 {
est mieux} 32... Nd7 33. Rc6 33... Nb8 $18 34. Rc7 Nd7 35. Nf3 Bd6 (35... Rc8
$2 36. Rxd7 $3 36... Qxd7 37. Nxe5 Qe8 38. Nxg6 fxg6 39. Bd4+ Kh7 40. Qf7+ Qxf7
41. Rxf7+ Kg8 42. Rxe7 Rh7 43. Re6 $18) 36. Rc6 Qe7 37. Nh4 $18) 32... h5 $4 {
affaiblissant la position} (32... Nxd5 $142 {garderait les Noirs dans la partie
} 33. exd5 Bxd3 34. Bxh6+ Rxh6 (34... Kxh6 $143 35. Ng4+ Kg7 36. Qxd3 $14) 35.
Qxd3 35... Qd7 $15) 33. Rxd6 $1 $16 {restant aux commandes} 33... Ng4 {
bien sur, pas 33...Bxd6 34.Qxf6+ suivi de Qxd6 +-} 34. Rc6 Nxe3 35. Qxe3 Qd7
36. Nf3 f6 37. Nh4 Rhc8 38. Nxg6 Kxg6 39. Qf3 $2 {perd tout l'avantage acquis}
(39. Rxc8 Rxc8 40. Rf5 Qc7 (40... Rc3 41. Rxh5 $1 $18) 41. Kh2 {suivi de Be2 +-
}) (39. Rfc1 Rxc6 40. Rxc6 Qa7 41. Qxa7 Rxa7 42. d6 Bd8 43. Be2 f5 44. exf5+
Kxf5 45. Bxh5 Ke6 46. Be8 Kd5 47. g4 $18) 39... Rxc6 40. dxc6 Qxc6 41. Qf5+ Kg7
42. Be2 Qc8 43. Qxc8 {43.Qh3 Qc6 =} 43... Rxc8 44. Bxh5 Bd8 45. Rd1 Bb6+ 46.
Kf1 Bd4 47. Rd3 Rc2 48. Bf3 Ra2 49. Ke1 {49.Bg4 Bb2 50.Bc8 Bxa3 51.Bxa6 =}
49... Kf7 {49...Bb2!? -/+} 50. Kd1 $11 50... Ke7 51. Kc1 {51.Bg4!? =} 51...
Bb2+ 52. Kc2 52... Rxa3 {pas 52...Bxa3+? 53.Kb1 Rb2+ 54.Ka1 Rxb4 55.Rxa3 +-}
53. Rxa3 53... Bxa3 {avec les B de couleur opposes, la partie doit etre nulle,
mais les Noirs ont raison de tout tenter} 54. Kb3 Bc1 55. g4 Bd2 56. g5 Bxg5
57. Bg4 Kd8 58. Bf5 Bd2 59. Bg4 Kc7 60. Bf5 Kc6 61. Bc8 a5 62. bxa5 Bxa5 63.
Ba6 Kc5 64. Bc8 Be1 65. Be6 Kd4 66. Bf5 Ke3 67. Kc2 b4 68. Kb2 Kd3 69. Kb3 Bc3
70. Bg6 Kd2 71. Bf5 Ke3 72. Bg6 Be1 73. Bf5 Kf2 74. Bg6 Kxg2 75. Bf5 Kf3 76.
Bg6 1/2-1/2

[Event "Principal 03/04"]
[Site "?"]
[Date "2003.11.22"]
[Round "3"]
[White "Vargin, Benjamin"]
[Black "Cortes, Antoine"]
[Result "0-1"]
[WhiteElo "1900"]
[BlackElo "2118"]
[PlyCount "69"]

1. e4 c5 2. c3 d5 3. exd5 Qxd5 4.
d4 g6 5. Nf3 Bg7 6. Be2 ({on joue plutot} 6. Na3 6... Nf6 7. Bc4 Qe4+ 8. Be3
O-O 9. O-O cxd4 10. Bxd4 Nc6 11. Re1 $14) ({ou} 6. Be3 6... cxd4 7. cxd4 Nf6 8.
Nc3 Qd8 9. Bc4 O-O 10. O-O Nc6 11. d5 Na5 12. Be2 Bg4 13. Re1 Rc8 14. Bd4 $14)
6... Nh6 7. c4 Qd8 8. d5 O-O 9. O-O Nf5 10. Qb3 {10.Nc3 Qa5 +/=} 10... Nd7
$11 11. Bf4 11... Kh8 {11...e5 12.Bg5 Qc7 13.Nc3 Nd4 =} 12. Nc3 $14 12... Nd4
13. Nxd4 cxd4 14. Ne4 e5 15. dxe6 fxe6 16. Bd6 {les blancs preparent c5} 16...
Re8 17. Qf3 {17.c5 Ne5 18.Rad1 Nc6 +/-} 17... Nf6 18. Ng5 Kg8 19. c5 h6 20.
Ne4 Nxe4 21. Qxe4 Qf6 22. Ba6 {22.f4 Qf5 23.Qf3 Qf7 24.Bd3 +/-} 22... Qf7 {
22...Bf8 23.Bxf8 Rxf8 24.Rae1 +/-} 23. Rad1 {23.Bd3 Rd8 24.f4 +/-} 23... e5
24. b3 b6 25. Bb5 {le mieux} (25. Qxa8 $6 25... Bxa6 26. Qe4 Bxf1 27. Rxf1 bxc5
28. Bxc5 28... Kh7 $15) 25... Bf5 26. Bxe8 26... Bxe4 $6 {
26...Rxe8!? 27.Qe1 bxc5 28.Bxc5 Rc8 29.Qb4 a6 30.f3 +/-} 27. Bxf7+ $18 27...
Kxf7 28. Rfe1 (28. f4 $1 {pour casser le centre des Noirs} 28... bxc5 29. fxe5+
Ke6 30. Bxc5 d3 (30... Bc2 $2 31. Rxd4 Bxe5 32. Re1 $18) 31. Rde1 $18) 28...
Bc2 $16 29. Rd2 d3 30. Bxe5 Re8 31. cxb6 $6 (31. f4 $142 $1 31... bxc5 32. Re4
$16 32... Bxe5 (32... g5 33. Kf2 $16) 33. fxe5 $16) 31... Bxe5 $15 32. b7 $2 {
32.bxa7!? Kf6 33.Re3 Ra8 34.a4 Rxa7 35.Rexd3 Bxd3 36.Rxd3 =} 32... Bc7 33.
Rc1 {ou 33.Rxe8 Kxe8 34.g3 Kd7 -+} 33... Bf4 $19 34. Rdxc2 $4 {accelere la
fin des Blancs 34.b8Q Bxb8 (ou 34...Rxb8 35.Rcxc2 dxc2 36.Rxc2 -+) 35.g3 -+}
34... dxc2 35. Rxc2 (35. Rxc2 Re1#) (35. b8=Q Bxb8 (35... Rxb8 $6 36. Rxc2 Be5
37. g3 $19) 36. g3 36... Rc8 $19) 0-1

[Event "Principal 03/04"]
[Site "?"]
[Date "2003.11.22"]
[Round "3"]
[White "Battaglia, Gerard"]
[Black "Chauvet, Jean-Marc"]
[Result "1/2-1/2"]
[WhiteElo "2040"]
[BlackElo "2020"]
[PlyCount "103"]

1. d4 e6 2. c4 Nf6 3. Nf3 b6
4. a3 Bb7 5. e3 (5. Nc3 d5 6. Qc2 (6. Bg5 Be7 7. Qa4+ c6 8. Bxf6 Bxf6 9. cxd5
exd5 10. g3 O-O 11. Bg2 Re8 12. O-O Na6 13. Rfd1 Nc7 14. Rac1 g6 15. e3 Qd6 16.
b4 Bg7 17. Qb3 Ba6 18. Bf1 Bxf1 19. Kxf1 b5 20. a4 20... a5 $11 {
Van Wely,L-Ljubojevic,L/Monte Carlo 1998/CBM 63 ext/1/2-1/2 (90)}) 6... Be7 7.
cxd5 exd5 8. Bd2 c5 9. e3 O-O 10. Be2 Nc6 11. O-O Rc8 12. Rfd1 cxd4 13. exd4
Ne4 14. Be1 Na5 15. Ne5 Bd6 16. Qa4 Bxe5 17. dxe5 Nc5 18. Qg4 Nab3 19. Rab1
19... d4 $11 {Lputian,S-Epishin,V/Erevan 1996/TUR 96/1/2-1/2 (39)}) ({
la ligne principale commence par} 5. Nc3 5... d5 6. cxd5 Nxd5 7. e3 Be7 8. Bb5+
c6 9. Bd3 O-O (9... Nxc3 10. bxc3 c5 11. O-O 11... Nc6 $11) 10. Qc2 h6 11. O-O
11... c5 $11) 5... Be7 $11 6. Bd3 d6 7. Nc3 Nbd7 8. e4 e5 9. d5 {
Les Blancs gagnent de l'espace} 9... O-O 10. O-O Bc8 11. b4 Nh5 12. Qc2 Re8 13.
g3 {Securise f4 contre l'intrusion du N noir} 13... Nf8 14. Ne1 {
14.c5 Bg4 15.Be2 f5 +/=} 14... Bh3 15. Ng2 Bg5 16. f3 Bxc1 17. Qxc1 Ng6 18.
Ne2 {les Blancs preparent c5} 18... a5 19. Qe3 Qf6 20. c5 axb4 21. axb4 bxc5
22. Rxa8 Rxa8 23. bxc5 Ra3 24. cxd6 Qxd6 25. Rb1 {24.Rc1 Nf6 =} 25... h6 (
25... c6 26. Qd2 (26. Rb6 26... Ne7 $15) 26... cxd5 27. exd5 Nf6 28. Ne3 $11)
26. Ne1 $11 26... Bd7 27. Nc2 Ra8 28. Bc4 f5 29. Nc3 {29.Qd3!? +/=} 29... f4
$15 30. Qf2 fxg3 31. hxg3 Nxg3 32. Qxg3 Qc5+ 33. Kh2 Qxc4 34. Qxg6 34... Qxc3
$4 {redonne l'avantage a l'adversaire 34...Rf8 35.Rg1 Rf7 36.Ne1 Qxc3 -/+
suivi de ...c6} 35. Rg1 $18 35... Qd2+ $2 {mais meme un meilleur coup
n'aurait pas sauve la partie. 35...Qxc2+ 36.Rg2 Qxg2+ 37.Qxg2 c6 +- les Noirs
ont R+B+P pour la Q} 36. Rg2 $4 {36.Kh1! assure la victoire Qg5 37.Rxg5 hxg5
38.Qxg5 +- la, les Noirs n'ont qu'une R pour leur Q} 36... Qf4+ $11 37. Kh1
Qf7 38. Ne3 Ra1+ 39. Kh2 Qf4+ 40. Qg3 Qf7 (40... Ra3 $142 $5 41. Qxf4 exf4 42.
Ng4 Bxg4 43. fxg4 Re3 44. Rc2 Rxe4 45. Rxc7 Re2+ 46. Kg1 Rd2 47. Rd7 $17 {
mais les Blancs devraient annuler avec une defense precise}) 41. Qxe5 $11 41...
Ra3 42. Qd4 $4 {42.Ng4 Bxg4 43.fxg4 =} 42... g5 (42... Qf4+ $5 43. Kg1 43...
g5 $1 (43... Qxe3+ {gagne aussi} 44. Qxe3 Rxe3 45. Rc2 Rxf3 46. Rxc7 Rf7 47. e5
g5 48. Rc3 Re7 49. e6 Bxe6 50. dxe6 50... Kg7 $19) 44. Re2 Qxf3 45. Qd2 Bh3 46.
Kh2 {les Blancs sont quasiment en zugzwang} 46... g4 47. d6 Qf4+ 48. Kh1 Ra1+
49. Re1 Rxe1+ 50. Qxe1 Qxe4+ 51. Kg1 51... cxd6 $19) 43. Rg3 43... Qf4 {
(/\ Ra2)} 44. Ng2 44... Ra2 {(/\ Qh4+)} 45. Qc4 $4 (45. d6 $142 45... Qh4+ 46.
Kg1 Qxg3 47. Qc4+ Kg7 48. Qxa2 Qxd6 49. Qb2+ Kg6 50. Qh8 50... Be6 $19) 45...
Qh4+ $19 46. Kg1 {#} 46... Qxg3 $2 (46... Ra1+ $142 {assure le point} 47. Kf2
47... Qh1 {(/\ Qg1+ suivi de Qf1+ et Qxc4)} 48. d6+ Kg7 49. Qc3+ (49. Qd4+ Kh7
50. Qxa1 $19 {est force pour eviter le mat} ({par exemple} 50. Qb2 50... Qg1+
51. Ke2 Bb5+ 52. Qxb5 Qd1+ 53. Kf2 Ra2+ 54. Qb2 Rxb2+ 55. Ke3 Qd2#)) 49... Kh7
50. Ne1 Ra2+ 51. Ke3 Qh2 52. Rg2 Qf4+ 53. Kd4 Qxd6+ 54. Ke3 54... Ra3 $19 {
gagne la Q}) 47. Qxa2 $15 47... Kg7 (47... Qxf3 48. d6+ Kg7 49. dxc7 Qxe4 50.
Qb2+ Kg6 51. Qb6+ Qe6 52. Qb1+ Kf6 53. Qb2+ Qe5 54. Qc2 $15) 48. Qb2+ $11 48...
Kg6 49. e5 {49.Qe2 Kf6 =} 49... Qxf3 $15 50. e6 50... Qxd5 $1 51. Qc2+ Kf6
52. exd7 $15 {une nulle de combat !} 1/2-1/2

[Event "Principal 03/04"]
[Site "?"]
[Date "2003.12.13"]
[Round "4"]
[White "Pierrugues, Laurent"]
[Black "Chauvet, Jean-Marc"]
[Result "1/2-1/2"]
[WhiteElo "1890"]
[BlackElo "2020"]
[PlyCount "34"]

1. e4 d5 2. exd5 Qxd5 3. Nc3 Qa5 4. d4 Nf6 5. Bc4
Bf5 6. Nf3 c6 7. O-O {7.Bd2 est plus precis e6 +/=} 7... e6 8. Bd2 Nbd7 9.
Ne2 Qc7 10. Ng3 Bg4 11. h3 Bxf3 12. Qxf3 {mais pas 12.gxf3?! c5 13.Bg5 -/+}
12... Bd6 $11 13. Ne2 O-O 14. Bg5 e5 15. Bxf6 Nxf6 16. dxe5 Bxe5 17. c3 Rad8
1/2-1/2

[Event "Principal 03/04"]
[Site "?"]
[Date "2003.12.13"]
[Round "4"]
[White "Cortes, Antoine"]
[Black "Battaglia, Gerard"]
[Result "0-1"]
[WhiteElo "2118"]
[BlackElo "2040"]
[PlyCount "90"]

1. Nf3 d5 2. g3 c5 3. Bg2 Nc6 4. O-O g6 5. c4 (5.
d4 Bg7 6. dxc5 Nf6 7. c3 O-O 8. Nbd2 a5 9. a4 e5 10. Nb3 h6 11. Nfd2 Be6 12. f4
exf4 13. gxf4 Qe7 14. Nf3 Rfe8 15. Nfd4 Bg4 16. Rf2 Nxd4 17. Nxd4 Qxc5 18. h3
Bh5 19. Qd3 19... Ne4 $17 {
Cvitan,O-Giorgadze,G/Debrecen 1992/EU-chT/1/2-1/2 (35)}) 5... d4 6. e3 $146 (6.
d3 Bg7 7. a3 a5 8. e3 Nf6 9. exd4 cxd4 10. Re1 Nd7 11. Nbd2 O-O 12. b3 Nc5 13.
Ne4 Na6 14. h4 h6 15. b4 axb4 16. axb4 Ncxb4 17. Ba3 Rb8 18. Qb3 b5 19. Ned2
bxc4 20. Qxc4 20... Bf5 $19 {Hug,W-Gabriel,C/Altensteig 1994/CBM 43/0-1 (49)})
6... Bg7 7. exd4 cxd4 8. d3 Nf6 9. Re1 O-O 10. a3 a5 11. Bf4 Nd7 12. b3 e5 13.
Bc1 Nc5 14. Ra2 Nxd3 (14... Bf5 $5 15. Bf1 Bg4 16. Nbd2 (16. h3 Bxf3 17. Qxf3
Nxb3 18. Rb2 18... a4 $17) 16... f5 17. h3 17... Bh5 $17) 15. Qxd3 $11 15...
Bf5 16. Re4 Bxe4 17. Qxe4 f5 18. Qd5+ Qxd5 19. cxd5 Ne7 20. Bg5 20... Rfe8 {
20...Rf7 21.Rd2 Nc8 22.h4 Rd7 -/+} 21. Bxe7 (21. d6 $142 $5 {
merite de la consideration} 21... Nc6 22. d7 $15 22... Rf8 23. Nh4 23... e4 $15
{(/\...Bf6)}) 21... Rxe7 $17 22. Rc2 {
22.Bf1!? -/+ avec l'idee 23.Bb5 ou 23.Bc4 suivant la reponse des Noirs} 22...
e4 23. Ng5 Rd7 (23... Rd8 24. Rc5 b6 25. Rc6 Rxd5 26. Rxb6 26... Rc5 $19) 24.
Nd2 {
pour Fritz, il est temps de rendre une piece par 24.Nxe4 fxe4 25.Bxe4 Kf7 -/+
} 24... Rxd5 25. Rc7 {#} 25... b5 $2 {
25...d3 26.Rxb7 Rc8 27.Bxe4 fxe4 28.Ngxe4 Rc2 -/+} 26. Kf1 $4 (26. Ne6 $142 {
gardait les Blancs dans la partie} 26... Bh6 27. Nxe4 $3 {
la pointe dans toutes les variantes} 27... fxe4 28. Bxe4 28... Rad8 $1 29. Nxd8
Rxd8 30. Bd3 Bf8 31. a4 bxa4 32. bxa4 Bd6 33. Ra7 33... Bb4 $11) 26... Re8 $19
27. h4 {27.Rc6 Rdd8 -+} 27... Rde5 {27...d3 28.Ke1 -+} 28. Ke2 d3+ 29. Kd1
29... R5e7 {29...h6 30.Nh3 Bf8 31.a4 Bb4 -+} 30. Rc6 {>=30.Re7!? Rxe7 31.
Ngxe4 fxe4 32.Bxe4 -/+ mais a la longue, les Noirs devraient gagner} 30... Bb2
31. h5 Kg7 32. a4 bxa4 33. bxa4 Bd4 (33... gxh5 $6 {est moins precis} 34. Nc4
Bd4 35. Nd6 Rf8 36. Nh3 $19) 34. Nh3 gxh5 35. Nc4 Rb8 36. Kc1 $2 (36. Nd6 $142
36... Re5 37. Nxf5+ Rxf5 38. Bxe4 Rc5 39. Rxc5 Bxc5 40. Bxd3 Rb4 41. Bb5 41...
h4 $19) 36... Rb4 37. Nd6 Re5 38. Nf4 38... Rc5+ $4 (38... Bxf2 $142 $1 {
et les Noirs gagnent (/\...Be3+ suivi du mat)} 39. Kd2 Rb2+ 40. Kc1 d2+ 41. Kd1
Be3 42. Rc7+ Kf8 43. Rb7 {(le mieux)} 43... Rxb7 44. Nxb7 44... h4 $19) 39.
Rxc5 $15 {les Noirs ont perdu presque tout leur avantage} 39... Bxc5 40. Ne6+
Kf6 41. Nxc5 Ke5 42. Nxf5 $2 (42. Ncb7 $142 $1 {et les Blancs respirent} 42...
Rxa4 43. Bh3 $17 43... Ra1+ 44. Kb2 Re1 45. Nc4+ Kf6 (45... Kd4 46. Nbxa5 Re2+
47. Kb3 Rxf2 48. Kb4 $11 {(/\ Nb3+)}) 46. Nbd6 Re2+ 47. Kc3 Rc2+ 48. Kb3 Rxf2
49. Ne3 a4+ 50. Kxa4 50... Rf3 $1 51. Nexf5 (51. Ndxf5 $4 51... h4 $19) 51...
e3 $1 52. Nxe3 Rxe3 53. Kb3 d2+ 54. Kc2 d1=Q+ 55. Kxd1 Rd3+ 56. Ke2 56... Rxd6
$19 {mais pour en arriver la, les Noirs ont du jouer une serie de coups uniques
}) 42... Kxf5 43. Bh3+ $6 (43. Kd2 {resiste un peu plus} 43... Rc4 44. Ke3 d2 (
44... Rxc5 45. Bxe4+ Kg4 46. Kxd3 46... Rc7 $19) 45. Bh3+ Kg6 46. Kxd2 Rxc5 47.
Ke3 Rc3+ 48. Kxe4 Rc4+ 49. Ke3 49... Rxa4 $19) 43... Ke5 44. f4+ Kd4 45. Ne6+
Ke3 0-1

[Event "Principal 03/04"]
[Site "?"]
[Date "2003.12.13"]
[Round "4"]
[White "Zejneli, Skender"]
[Black "Vargin, Benjamin"]
[Result "1-0"]
[WhiteElo "2100"]
[BlackElo "1900"]
[PlyCount "53"]

1. Nf3 Nc6 2. d4 d5 3. c4 e6 ({
on joue plutot} 3... Bg4 4. cxd5 Bxf3 5. gxf3 Qxd5 6. e3 e5 7. Nc3 Bb4 8. Bd2
Bxc3 9. bxc3 $14) 4. Nc3 Nge7 5. Bf4 Ng6 6. Bg3 Bd6 (6... dxc4 7. e4 Na5 8.
Qa4+ c6 9. b4 cxb3 10. axb3 f5 11. exf5 exf5 12. Kd2 f4 13. Bd3 fxg3 14. hxg3
Kf7 15. Qxa5 Qxa5 16. Rxa5 Bb4 17. Ra4 Bxc3+ 18. Kxc3 Kf6 19. Ne5 Ne7 20. g4 g6
21. Raa1 {Cramling,P-Garcia Caballero,L/Las Palmas 1997/EXT 99/1-0 (56)}) 7. e3
dxc4 8. Bxc4 8... e5 {8...0-0 9.Bd3 f5 10.Bxd6 cxd6 +/=} 9. Nb5 (9. dxe5 $5
9... Ngxe5 10. Bxe5 Nxe5 11. Nxe5 Bxe5 12. Qxd8+ Kxd8 13. Bxf7 $16) 9... Bg4
10. Nxd6+ cxd6 11. Be2 f5 12. h3 (12. O-O f4 13. exf4 exf4 (13... Nxf4 $143 14.
Bxf4 exf4 15. d5 Bxf3 16. Bxf3 (16. dxc6 $6 16... Bxc6 17. Bh5+ 17... Kf8 $11)
16... Ne5 17. Qa4+ Kf7 18. Qxf4+ Qf6 19. Bh5+ g6 20. Qxf6+ Kxf6 21. Be2 $16)
14. Bh4 $11) 12... Bh5 (12... Bxf3 13. Bxf3 (13. gxf3 $143 13... f4 14. Bh2
fxe3 15. fxe3 exd4 16. Qb3 (16. exd4 16... Qh4+ $17) 16... Qh4+ 17. Kd1 dxe3
18. Qxe3+ 18... Nge7 $17) 13... Qa5+ 14. Kf1 $11) 13. dxe5 13... dxe5 {
13...Qa5+!? 14.Qd2 (14.Kf1 dxe5 =) Qxd2 15.Kxd2 Bxf3 16.Bxf3 dxe5 =} 14.
Qxd8+ Rxd8 15. Nxe5 Ngxe5 16. Bxh5+ g6 17. Be2 O-O 18. Rd1 Rxd1+ 19. Kxd1 Rd8+
20. Kc2 Rc8 21. Kb1 Rd8 22. Rd1 Rxd1+ 23. Bxd1 Nd3 24. f3 Kg7 25. a3 {#} 25...
Nce5 $2 {les Noirs perdent une piece >=25...Kf6 26.Kc2 Nde5 +/-} 26. Kc2 Kf6
27. b4 (27. b4 a5 28. f4 (28. bxa5 $2 28... Nc5 $18) 28... Nxb4+ 29. axb4 $18)
1-0